000 006900000a22001210004500
100 1 _aLiévano Quimbay, Luis
245 1 0 _aLos gaiteros al Smithsonian : Gaitas y puyas from Colombia
300 _aVol.0, núm.8 (Mayo, 2006), Páginas 22-23
500 _aPeriodista cultural.
520 _aDurante siete generaciones, Los Gaiteros de San Jacinto han sido un referente de la música colombiana. En Julio, el sello Smithsonian World Music lanzará un disco en el que se mezclan los sabores de varias de esas generaciones que hoy viven en Bogotá. A ritmo de sancocho y gaita, los gaiteros siguen tan vigentes como siempre.
773 0 _tArcadia / Andrés Felipe Solano, Editor
942 _cANA
999 _c61779
_d61779